00640nam a2200193 a 450000100060000000300080000600500170001400800410003103500190007204000340009104100080012508200260013310000310015924501010019026000360029130000210032750400510034865100470039925077BD-RjUL20211209050828.0140316s1964 enk b 00010 eng d a(BD-RjUL)25146 aDLCbengcDLCdNBDPLdBD-RjUL aeng00a954.035220bDAI 19641 aDas, M. N.q(Manmath Nath)10aIndia under Morley and Minto :bpolitics behind revolution, repression and reforms /cM. N. Das. aLondon :bAllen & Unwin,c1964. a279 p. ;c24 cm. aIncludes bibliographical references and index. 0aIndiaxPolitics and governmenty1765-1947.